00459nam a2200145Ia 4500003000900000008004100009040001600050080001900066100002500085245009700110260003600207300001400243650004100257650001500298IN-BaIIA211028s9999 xx 000 0 eng d cIIA Library a551.510.5bMAN aManning, A. Laurence 0aBibliography of the IonospherecLaurence A. Manning  bStanford University Pressc1962 axiii,613p aAstronomy and Astrophysics Thesaurus aIonosphere